000 00628nam a2200229 4500
003 OSt
005 20240729075827.0
006 a
008 240729b |||||||| |||| 00| 0 eng d
020 _a9780847836314
040 _aDWCL-Main lib.
_cOC
082 _aCirc. 282.092 Od23w 2010
100 _aOder, Slawomir
245 _aWhy he is a saint /
260 _aN. Y. :
_bRizzoli,
_cc2010.
300 _avi,
_b189 p. ;
_c23 cm.
650 _a1. John Paul II, Pope, 1920-2005.
650 _a2. Catholic church-Poland.
650 _a3. Popes-Biography.
650 _a4. Canonization.
942 _2ddc
_n0
_cBK-CIRC
_kCirc.
999 _c2928
_d2928